| 000 | 00513nam a2200181Ia 4500 | ||
|---|---|---|---|
| 999 |
_c34598 _d34598 |
||
| 003 | OSt | ||
| 005 | 20200917111950.0 | ||
| 008 | 190216s9999||||xx |||||||||||||| ||und|| | ||
| 020 | _a9788121908559 | ||
| 040 | _coclc | ||
| 082 |
_a537 _bTEW/E |
||
| 100 |
_aTewari, K K _94666 |
||
| 245 | 0 |
_aElectricity And Magnetism With Electronics / _cK K Tewari |
|
| 260 |
_bS. Chand & Company, _c2012. _aNew Delhi: |
||
| 300 | _a745p | ||
| 650 | _aPhysics | ||
| 942 |
_cBK _2ddc _h537 _iTEW/E _k537 _mTEW/E |
||